01425nam a2200265 a 4500001001000000005001700010008004100027041000800068044000700076084002600083100004500109245012900154260004000283300003600323500023500359500011600594500015300710500004900863500001000912651005200922651005600974651003401030651004501064740005001109BRCA_238220190320203801.0101108s1897----sp-#---###---#000-0#spa-u aspa asp a023b.M67c1897 F16151 aCervantes Saavedra, Miguel ded1547-161610aSegunda parte del Ingenioso Cavallero Don Quixote de la Manchacpor Miguel de Cervantes Saavedra, autor de su primera parte. aBarcelonabMontaner y Simónc1897 a1 v. (sin paginación)c23 cm. aContenido : Tasa. Fe de erratas. Aprovación de Dr. Gutierre de Cetina. Aprovación de Joseph de Valsivieso. Aprovación del Lic. Márquez Torres. Privilegio. Prólogo del autor. Dedicatoria del autor al Conde de Lemos. Texto aFacsímil de : Segunda parte del ingenioso cavallero Don Quixote de la Mancha. Madrid: Juan de la Cuesta, 1615 aSegundo facsímile de la sugunda parte de la edición príncipe publicado por Montaner y Simón, en Barcelona, el año de 1897 Lúdovik Osterc aCon ex-libris de : Pedro Marroquín Aguirre aQM222 4aNovela españolayÉpoca clásica, 1500-1700 4aLiteratura españolayÉpoca clásica, 1500-1700 4aNovela españolaySiglo XVII 4aDon Quijote (Personaje ficticio)vNovela0 aEl Ingenioso Hidalgo Don Quijote de la Mancha